=LDR 00000nam 2200000 4500 =001 INLIS000000000050234 =005 20170426075351 =035 ##$$a 0010-0417000049 =007 ta =008 170426###########################0###### =020 ##$$a 978 - 602 - 317 - 172 - 0 =082 ##$$a 500. =084 ##$$a 500. JAN k =100 #$$a Jannah, Rauhiyatul =245 1#$$a Kereeen !!! Cerita Seru dan Fakta Sains Menakjubkan /$c Rauhiyatul Jannah =260 ##$$a Surakarta :$b Visi Mandiri,$c 2016 =300 ##$$a 104 hlm. : $b Ilus ; $c 24 cm. =650 ##$$a Sains Umum =990 ##$$a 73457345 =990 ##$$a 73457345 =990 ##$$a 31700333 =990 ##$$a 02201707345 =990 ##$$a 31700334 =990 ##$$a 31700333